000
00325nam a2200133Ia 4500
008
191201s2006 xx 000 0 und d
082
_a
006.3
_b
PAA
100
_a
PADHY, N P
245
0
_a
Artificial Intelligence and Intelligent System
260
_a
N.Delhi
_b
Oxford
_c
2006
300
_a
614
650
_a
MBA
942
_2
ddc
_c
BK
999
_c
3177
_d
3177